| 000 | 00634nam a2200181Ia 4500 | ||
|---|---|---|---|
| 001 | 16100 | ||
| 005 | 20260306170244.0 | ||
| 008 | 260306t1999||||xx |||||||||||||| ||und|| | ||
| 041 | _aESP | ||
| 082 |
_a346.6 _bR48 |
||
| 100 |
_aRezzónico, Juan Carlos _eAUT |
||
| 245 | 0 |
_aPrincipios fundamentales de los contratos: _bautodeterminación. Autonomía privada. Libertad contractual. Fuerza obligatoria. Forma. Consensualismo. Equidad. Justicia y equivalencia de las prestaciones. Confianza. Seguridad. Buena fe |
|
| 260 | _c1999 | ||
| 300 |
_a604 páginas : _c23 cm. |
||
| 650 | _aGEN | ||
| 654 | _aCDE | ||
| 942 |
_cLIB _dJUS _fJUS _2ddc _n |
||
| 999 |
_c16100 _d16100 |
||